[Event "5th Nebesna Sotnya Blitz 2018"]
[Site "Lutsk"]
[Date "2018.02.16"]
[Round "8"]
[White "Bernadskiy, Vitaliy"]
[Black "Safronov, Mikhail"]
[Result "1-0"]
[WhiteElo "2588"]
[BlackElo "2066"]
[Annotator "TA"]
[PlyCount "79"]
[EventDate "2018.??.??"]
[EventType "swiss"]
[EventCountry "UKR"]
[SourceTitle "playchess.com"]
[Source "ChessBase"]
[SourceQuality "1"]

{[%evp 16,79,37,35,107,94,154,161,195,195,195,187,203,193,184,208,433,433,440,410,527,521,593,568,597,593,695,631,689,680,690,554,554,368,554,516,954,952,927,880,983,0,452,443,433,427,406,-5697,593,597,597,597,579,578,636,612,814,764,806,796,822,735,718,689,924,923]} 1. e4 c5 2. Ne2 Nc6 3. Nbc3 g6 4. g3 Bg7 5. Bg2 e6 6. d3 Nge7 7. Be3 d6 8. Qd2 O-O 9. Bh6 f5 {B26: Closed Sicilian: 3 g3, lines with early Be3} (9... Bxh6 $14 10. Qxh6 Ne5) (9... Rb8 10. h4 f6 11. Bxg7 Kxg7 12. h5 Rh8 13. d4 e5 14. hxg6 hxg6 15. Rxh8 Qxh8 16. dxe5 dxe5 17. O-O-O {1-0 (26) Stukopin,A (2458)-Tilicheev,V (2343) Moscow 2010}) 10. h4 $16 Rf7 ({Better is} 10... fxe4 11. dxe4 (11. Nxe4 Bxh6 12. Qxh6 Nf5 $11) 11... Bxh6 12. Qxh6 Ne5) 11. h5 Bh8 $146 {White is clearly better.} ({Predecessor:} 11... Bxh6 12. Qxh6 Qf8 13. hxg6 Nxg6 14. exf5 Qxh6 15. Rxh6 Rxf5 16. Be4 Rf6 17. Bxg6 Rxg6 18. Rxg6+ hxg6 {½-½ (39) Jonitz,J (2138)-Orsolic,M (2136) Germany 2009}) 12. hxg6 Nxg6 13. exf5 Rxf5 14. f4 {[%cal Bf2f4,Bf4f5][%mdl 32]} d5 15. O-O-O Bd7 $2 (15... Rf7 {was worth a try.} 16. Rh5 Nd4) 16. g4 $18 Rf7 {[#]} 17. f5 $1 {[%mdl 512]} Nge5 (17... exf5 18. Bxd5) 18. Nf4 exf5 19. gxf5 Bxf5 20. Bxd5 Ng6 21. Bxf7+ Kxf7 22. Rdf1 Qd7 23. Bg5 Kg8 24. Ncd5 Rf8 (24... Nxf4 {was called for.} 25. Qxf4 Qxd5) 25. Qg2 Qg7 {[#]} (25... Rf7 $142 26. Nxg6 Bxg6 27. Nf6+ Bxf6 28. Bxf6 Ne7) 26. Bf6 $1 Rxf6 27. Nh5 Qh6+ 28. Nhf4 $2 (28. Kb1 $18 Rf7 29. Nhf6+ $1 {[%mdl 512]} Bxf6 30. Nxf6+ (30. Rxf5 Bh4 $18) 30... Rxf6 31. Rxh6) 28... Qf8 $2 {[%mdl 8192]} (28... Qg7 $11 {and Black has nothing to worry.}) 29. Nxf6+ Bxf6 30. Qd5+ Qf7 31. Nh5 $4 {[%mdl 8192]} (31. Qxf7+ $18 Kxf7 32. Rxh7+ Kg8 {[#]} 33. Nxg6 $1 {[%mdl 512]} (33. Rxb7 Nxf4 34. Rc7 Nd4 $11) 33... Kxh7 34. Nf8+ (34. Rxf5 Kxg6 35. Rxc5 Be5 $16) 34... Kg7 35. Rxf5) 31... Bxb2+ $4 {[%mdl 8192]} (31... Qxd5 $2 {perishes.} 32. Nxf6+ Kg7 33. Nxd5 $18) (31... Bg5+ $19 {and all is fine.} 32. Kb1 Qxd5) 32. Kxb2 {Hoping for Nf6+.White is clearly winning.} Qxd5 33. Nf6+ Kg7 34. Nxd5 Be6 35. Nf4 Bf7 36. Nh5+ Kf8 37. Nf6 Nge5 38. Nxh7+ Ke7 39. Ng5 Bd5 40. Rh7+ {Precision: White = 70%, Black = 22%.} 1-0

[Event "5th Nebesna Sotnya Blitz 2018"]
[Site "Lutsk"]
[Date "2018.02.16"]
[Round "8"]
[White "Vetoshko, Volodymyr"]
[Black "Bordovsky, Vladimir"]
[Result "1/2-1/2"]
[WhiteElo "2520"]
[BlackElo "2326"]
[Annotator "TA"]
[PlyCount "32"]
[EventDate "2018.??.??"]
[EventType "swiss"]
[EventCountry "UKR"]
[SourceTitle "playchess.com"]
[Source "ChessBase"]
[SourceQuality "1"]

{[%evp 9,32,29,27,-21,68,66,85,45,74,47,64,42,62,75,70,60,96,60,65,-43,311,-68,0,12,414]} 1. e4 d6 2. d4 Nf6 3. Nc3 Nbd7 4. g4 h6 5. Bg2 c5 $146 ({Vorgänger:} 5... e5 6. Be3 c6 7. h3 b5 8. a3 a5 9. Nge2 Ba6 10. b4 g6 11. O-O Bg7 12. f4 {½-½ (41) Vera Gonzalez Quevedo,R (2482)-Bauer,C (2679) Cappelle-la-Grande 2012}) 6. Nge2 {B07: Pirc-Ufimzew-Verteidigung} g6 (6... Nxg4 $11 7. dxc5 Nxc5) 7. h3 $14 Bg7 8. O-O {Weiß steht besser.} O-O 9. a4 Rb8 10. a5 a6 11. d5 b5 12. axb6 $1 Rxb6 13. f4 Rb4 14. e5 (14. Ra2 $14) 14... Bb7 $2 {[%mdl 8192] [#]} (14... dxe5 $15 {bleibt weiter vorne.} 15. Na4 exf4 16. Nxf4 c4) 15. Ng3 $2 ({Weiss kommt nicht vorbei an} 15. exf6 $18 Bxf6 16. Ra2) 15... Rd4 (15... dxe5 $15 16. f5 g5) 16. Qe2 $11 Nb6 $2 {[%mdl 40960] Precision: Weiß = 27%, Schwarz =  7%. . An unexpected result.} ({Viel schwächer wäre} 16... Nxd5 17. Nxd5 Bxd5 18. Bxd5 $16) (16... dxe5 $11 17. fxe5 Nxd5) 1/2-1/2

[Event "5th Nebesna Sotnya Blitz 2018"]
[Site "Lutsk"]
[Date "2018.02.16"]
[Round "8"]
[White "Simantsev, Mikhail"]
[Black "Matviishen, Viktor"]
[Result "1/2-1/2"]
[WhiteElo "2486"]
[BlackElo "2439"]
[Annotator "TA"]
[PlyCount "76"]
[EventDate "2018.??.??"]
[EventType "swiss"]
[EventCountry "UKR"]
[SourceTitle "playchess.com"]
[Source "ChessBase"]
[SourceQuality "1"]

{[%evp 16,76,8,17,14,21,26,0,22,19,53,7,19,15,21,12,13,5,81,2,35,42,39,36,35,-54,29,-19,9,12,39,46,35,4,4,4,4,2,218,228,210,0,0,0,0,0,0,-108,0,-154,-10,-71,0,-172,-173,-295,-244,-304,0,0,0,0,0]} 1. d4 Nf6 2. c4 e6 3. Nf3 b6 4. g3 Ba6 5. Qa4 c5 6. Bg2 Bb7 7. dxc5 Bxc5 8. O-O O-O 9. Nc3 Qc8 {E15: Queen's Indian: 4 g3 sidelines, 4 g3 Ba6 and 4 g3 Bb7 early deviations} (9... Be7 10. Rd1 Na6 11. Bf4 Nc5 12. Qc2 Qc8 13. Rd4 d5 14. cxd5 Nxd5 15. Bg5 Nf6 16. Rc1 h6 17. Be3 Rd8 18. b4 Rxd4 19. Nxd4 Bxg2 20. Kxg2 Qb7+ {½-½ (31) Mareco,S (2625)-Almasi,Z (2682) Stockholm 2016}) 10. Bg5 Ne4 11. Qc2 $146 ({Predecessor:} 11. Nxe4 Bxe4 12. Rfd1 f6 13. Bf4 e5 14. Bd2 d5 15. Rac1 d4 16. b4 Be7 17. c5 Qb7 18. Ne1 {½-½ (18) Melnichuk,M (2279)-Otchiyev,A (2225) Kiev 2009}) 11... Nxg5 (11... Nxc3 {is interesting.} 12. Qxc3 f6 13. Bd2 a5 14. Rfd1 Nc6) 12. Nxg5 {[%csl Gg5][%cal Rc2h7]} g6 13. Bxb7 Qxb7 14. Nge4 Be7 15. Rfd1 Nc6 16. Qd2 Ne5 (16... Rad8 $11 {remains equal.}) 17. b3 (17. Qd4 $1 $16 {[%cal Rd4e5]} f6 18. f4) 17... Rfd8 18. Qh6 f6 {[%cal Bf7f6,Bf6f5][%mdl 32]} 19. Qf4 Kg7 20. h4 ({White should try} 20. Nd6 $14 Qb8 21. Qd4) 20... Nf7 (20... d5 $15 21. cxd5 exd5) 21. Nd2 f5 22. Rac1 Bf6 23. e4 Rac8 24. Nf3 Bxc3 25. Rxc3 Qxe4 26. Qd2 d5 $2 (26... Kg8 $11) 27. Re3 $18 Qg4 28. Rd3 $2 (28. Nd4 $18 dxc4 29. Nxe6+ Kg8 30. Nxd8 Rxd8 31. Qxd8+ Nxd8 32. Rxd8+ Kf7 33. Rd7+ Kf8 34. Ree7) 28... dxc4 29. Rxd8 Rxd8 30. Qb2+ Kg8 31. Rxd8+ Nxd8 32. Qd2 $2 ({White has to play} 32. Qf6 $11 Nf7 33. Ng5 Qd1+ 34. Kh2 Nxg5 35. hxg5) 32... Nf7 ({Worse is} 32... Qxf3 33. Qxd8+ Kg7 34. Qe7+ Kh6 35. Qg5+ Kg7 36. Qe7+ Kh6 37. Qg5+ Kg7 38. Qe7+ $11) (32... Nc6 $17 33. Ng5 Qd4) 33. Ng5 $1 $11 {[%cal Rg5e6]} cxb3 (33... c3 $1 $17 {[%cal Rc3d2]} 34. Qd7 Nxg5 35. Qd8+ Kf7 36. hxg5 Qb4) 34. Qd7 $2 (34. axb3 $11 {and White has nothing to worry.} f4 35. Qd7 Nxg5 36. Qd8+ Kg7 37. hxg5) 34... Nxg5 $19 35. Qd8+ {[#]} (35. hxg5 $142 Qxg5 36. Qxe6+ Kg7 37. axb3) 35... Kf7 $1 36. hxg5 {[#]} Qe4 $2 (36... Qxg5 $1 $19 {[%mdl 512]} 37. Qxg5 b2) 37. Qd7+ Kf8 38. Qd8+ Kf7 {Precision: White = 30%, Black = 22%.} 1/2-1/2

[Event "5th Nebesna Sotnya Blitz 2018"]
[Site "Lutsk"]
[Date "2018.02.16"]
[Round "8"]
[White "Bortnyk, Mykola"]
[Black "Bogdanovich, Stanislav"]
[Result "0-1"]
[WhiteElo "2432"]
[BlackElo "2560"]
[Annotator "TA"]
[PlyCount "102"]
[EventDate "2018.??.??"]
[EventType "swiss"]
[EventCountry "UKR"]
[SourceTitle "playchess.com"]
[Source "ChessBase"]
[SourceQuality "1"]

{[%evp 9,102,-5,25,24,87,87,118,102,110,60,69,58,60,70,93,48,52,0,62,0,20,0,0,0,7,6,0,0,0,-19,-19,-21,-14,-17,-22,-31,-22,-31,-25,-36,-25,-23,-31,-16,-16,-31,0,0,0,0,0,-122,-132,-119,-95,-250,-235,-300,-265,-299,-266,-325,-326,-459,-443,-563,-542,-398,-227,-323,-298,-571,-562,-548,-483,-1839,-1638,-4717,-4731,-4139,-1849,-5708,-5443,-29980,-29981,-29981,-29982,-29982,-29983,-29986,-29987,-29987,-29988,-29988,-29989]} 1. e4 e5 2. Nf3 Nc6 3. d4 exd4 4. Nxd4 Bc5 5. Nf5 g6 (5... d5 {is more complex.} 6. Nxg7+ Kf8 7. Nh5 Qh4 8. Ng3 Nf6) 6. Be3 {C45: Scotch Game} Bxe3 (6... b6 $11 {keeps the balance.} 7. Bxc5 bxc5) 7. Nxe3 $16 Nf6 8. Nc3 {White is better.} O-O $146 ({Predecessor:} 8... d6 9. Qd2 O-O 10. O-O-O Re8 11. f3 Ne5 12. Be2 Bd7 13. g4 b5 {1-0 (59) Sulskis,S (2553)-Butnorius,A (2442) Plovdiv 2008}) 9. Bd3 d6 10. O-O Re8 11. f4 Nb4 12. a3 Nxd3 13. Qxd3 (13. cxd3 $14 c6 14. f5) 13... Bd7 (13... b6 $1 $11) 14. Ned5 {Strongly threatening Nxf6+.} Bc6 15. Rae1 Bxd5 16. Nxd5 c6 17. Nxf6+ Qxf6 18. c3 Re7 19. Qd4 Qxd4+ 20. cxd4 $11 {[%mdl 4096] Endgame KRR-KRR} Rae8 21. e5 f6 {[%cal Rf6e5]} 22. Re4 dxe5 23. fxe5 fxe5 24. Rfe1 Kf7 25. Rf1+ Ke6 26. Rxe5+ Kd6 27. Rf6+ $1 Re6 28. Rf7 R8e7 29. Rxe6+ Kxe6 {KR-KR} 30. Rf4 (30. Rxe7+ $1 $11 Kxe7 31. Kf2) 30... Kd5 $17 31. Kf2 Kc4 32. Kg3 $2 {[#]} (32. b4 $17) 32... Re3+ $19 33. Kf2 Rb3 34. Rf7 Rxb2+ 35. Kf3 h5 ({Less strong is} 35... Kxd4 36. Rxh7 a5 37. Rg7 $19) 36. Rg7 (36. Ke3 $142) 36... Kxd4 37. Rxg6 c5 {[%cal Bc6c5,Bc5c4,Bc4c3][%mdl 32]} 38. Rd6+ Ke5 (38... Kc3 $142 39. Rd5 c4 40. Rxh5 Rb3) 39. Rh6 (39. Rd7 $142) 39... Rb3+ 40. Kf2 $2 (40. Ke2 Kd4 41. Rxh5) 40... Kd4 41. Rxh5 c4 42. Rh4+ (42. Rh7 $142 a6 43. g4) 42... Kd3 43. Rh8 c3 44. Rd8+ {[#]} Kc2 $1 {[%cal Rc2b2]} 45. g4 Kb2 46. Rc8 c2 {Black mates.} 47. Rxc2+ Kxc2 48. g5 Rxa3 49. Kg2 b5 {[%cal Bb7b5,Bb5b4][%mdl 32]} 50. h4 b4 51. h5 Ra5 {Precision: White = 29%, Black = 68%.} 0-1

[Event "5th Nebesna Sotnya Blitz 2018"]
[Site "Lutsk"]
[Date "2018.02.16"]
[Round "8"]
[White "Mikhaletz, Lubomir"]
[Black "Yarmysty, Mikhail"]
[Result "0-1"]
[WhiteElo "2416"]
[BlackElo "2300"]
[Annotator "TA"]
[PlyCount "86"]
[EventDate "2018.??.??"]
[EventType "swiss"]
[EventCountry "UKR"]
[SourceTitle "playchess.com"]
[Source "ChessBase"]
[SourceQuality "1"]

{[%evp 19,86,20,34,38,37,35,12,23,20,33,40,-70,-110,-82,8,13,27,29,39,35,60,-66,0,0,66,44,41,13,18,12,28,4,12,7,38,6,21,21,43,21,31,7,23,0,39,45,56,40,79,18,24,17,21,22,31,45,49,56,69,-12837,-12839,-12839,-12840,-12841,-12842,-12845,-12844,-12847,-12846]} 1. d4 d5 2. Nf3 Nf6 3. c4 dxc4 4. e3 a6 5. Bxc4 b5 6. Bd3 Bb7 {D25: Queen's Gambit Accepted: 4 e3: sidelines and 4...Bg4} 7. a4 b4 8. Nbd2 c5 9. O-O e6 10. a5 (10. e4 Nc6 11. e5 Nd7 12. Be4 cxd4 13. Nc4 Nc5 14. Bxc6+ Bxc6 15. Nxd4 Bd5 16. Qe2 Rc8 {1-0 (112) Kuljasevic,D (2546)-Hera,I (2611) Biel 2017}) 10... Nbd7 {LiveBook: 5 Games} 11. Qe2 Be7 12. Nc4 O-O 13. e4 cxd4 14. e5 Nd5 $146 ({Predecessor:} 14... Bxf3 15. Qxf3 Nd5 16. Qe4 g6 17. Qxd4 {½-½ (41) Valak,A (2337)-Privoznik,L (2430) ICCF email 2015}) 15. h4 (15. Nxd4 $14 Nc5 16. Bc2) 15... Nc5 $15 16. Ng5 Nxd3 ({Better is} 16... h6 $17 17. Ne4 Nxd3 18. Qxd3 Bc6) 17. Qxd3 $11 {[%csl Gg5][%cal Rd3h7] [#]} Bxg5 18. Bxg5 f6 19. exf6 Nxf6 20. Rfe1 (20. Nb6 $14) 20... Qd5 (20... h6 $15 21. Bxf6 Qxf6) 21. f3 {Nb6 is the strong threat.} Rad8 (21... Nd7 $1 $11) 22. Re5 $14 {[%mdl 1024] White has compensation.} Qd7 23. Nb6 Qf7 $1 24. Rae1 Rfe8 25. b3 h6 26. Bd2 Nd5 27. Nxd5 Rxd5 28. Rxd5 Bxd5 29. Qxd4 Bxb3 30. Qd3 e5 31. Qxa6 Bc4 32. Qb6 b3 33. Bc3 $1 Qe6 34. Qxe6+ ({White should try} 34. Rxe5 $16 Qxb6+ 35. axb6 Rxe5 36. Bxe5) 34... Rxe6 $11 35. Rxe5 (35. Bb2 {is interesting.} Rd6 36. Bxe5 Rd5 37. Bc3 Rd3 38. Bb2) 35... Rxe5 36. Bxe5 $16 {[%mdl 4096] Endgame KB-KB} Kf7 37. Kf2 h5 38. Ke3 g6 39. Kd4 $2 {[%mdl 8192] [#]} (39. Bb2 $14) 39... b2 $19 {Black is clearly winning.} 40. Kxc4 b1=Q 41. Bc3 Qa2+ 42. Kb4 Ke6 43. g4 Kd5 {Precision: White = 31%, Black = 43%.} 0-1

[Event "5th Nebesna Sotnya Blitz 2018"]
[Site "Lutsk"]
[Date "2018.02.16"]
[Round "8"]
[White "Roshka, Yevgeniy"]
[Black "Peng, Li Min"]
[Result "1/2-1/2"]
[WhiteElo "2358"]
[BlackElo "2320"]
[Annotator "TA"]
[PlyCount "38"]
[EventDate "2018.??.??"]
[EventType "swiss"]
[EventCountry "UKR"]
[SourceTitle "playchess.com"]
[Source "ChessBase"]
[SourceQuality "1"]

{[%evp 21,22,0,4]} 1. e4 e6 2. d4 d5 3. exd5 exd5 4. Nf3 Nf6 5. Bd3 Bd6 6. O-O O-O 7. Bg5 Bg4 8. c3 c6 9. Nbd2 Nbd7 10. Qc2 Qc7 11. Rae1 Rae8 {Predecessor:} 12. Bh4 $146 Bh5 13. Bg3 Bxg3 14. hxg3 Bxf3 15. Nxf3 g6 16. Rxe8 Rxe8 17. Re1 Kf8 18. Qd2 Rxe1+ 19. Qxe1 Qd8 {½-½ (59) Wiewiora,E (2320)-Saric,A (2540) Katowice 2017} 1/2-1/2

[Event "5th Nebesna Sotnya Blitz 2018"]
[Site "Lutsk"]
[Date "2018.02.16"]
[Round "8"]
[White "Buksa, Nataliya"]
[Black "Razin, Vadim"]
[Result "0-1"]
[WhiteElo "2357"]
[BlackElo "2379"]
[Annotator "TA"]
[PlyCount "150"]
[EventDate "2018.??.??"]
[EventType "swiss"]
[EventCountry "UKR"]
[SourceTitle "playchess.com"]
[Source "ChessBase"]
[SourceQuality "1"]

{[%evp 9,150,6,25,19,22,34,22,20,33,26,23,14,24,25,23,19,13,-13,28,31,35,20,47,18,31,31,65,19,130,134,142,125,144,91,229,170,171,178,177,179,406,391,387,209,220,160,176,157,175,175,185,172,186,181,213,212,216,131,127,103,170,51,56,8,179,60,63,50,50,50,58,0,20,0,0,0,0,0,0,0,0,0,0,0,0,-799,-627,-612,-554,-29957,-4731,-841,-841,-29971,-29972,-29971,-29972,-29975,-841,-841,-834,-834,-834,-735,-830,-772,-753,-29952,-29955,-29966,-29969,-29964,-289,-266,0,-29970,-29972,-29985,-29972,-29971,-29970,-29965,0,-29960,0,-29985,0,-29956,0,-29965,-29960,-29964,-29960,-29990,-29991,-29991,-29992,-29992,-29993,-29996,-29993,-29993,-29994]} 1. d4 d5 2. Nc3 Nf6 3. Bf4 c6 4. e3 Bf5 5. f3 Nbd7 6. g4 {D00: 1 d4 d5: Unusual lines} Bg6 7. h4 {h5 is the strong threat.} h6 8. Bd3 {The position is equal.} Bxd3 9. Qxd3 e6 10. O-O-O Nb6 $146 {[%cal Bd7b6,Bb6c4,Bc4a3][%mdl 32]} ({Predecessor:} 10... Qa5 11. Kb1 O-O-O 12. Nge2 {1-0 (56) Nabaty,T (2586)-Grguric,S (2045) Zagreb 2014}) 11. Kb1 Nc4 12. b3 Na3+ 13. Kc1 Qa5 14. Nge2 O-O-O 15. Nb1 (15. Kb2 {looks sharper.} b6 16. Nb1 Kb7 17. Rhg1 Be7 18. e4) 15... Nd7 16. Nxa3 Bxa3+ 17. Kb1 Nb6 18. c3 c5 (18... Nc4 $11 {keeps the balance.}) 19. dxc5 $16 Qxc5 20. Nd4 $1 Rhe8 {With the idea ...e5.} 21. Bg3 ({Better is} 21. Bh2) 21... e5 (21... a6 $16 {might work better.}) 22. Nc2 Qe7 23. Qf5+ Kb8 24. Nxa3 {Hoping for Nc2.} Qxa3 $2 (24... g6 25. Bxe5+ Qxe5 26. Qxe5+ (26. Qxf7 Qxc3 27. Qf4+ Qe5 $18) 26... Rxe5) 25. Bxe5+ $18 Ka8 26. Bd4 (26. Bxg7 $142 Qc5 27. Rd3) 26... f6 27. Rhe1 Qd6 28. g5 hxg5 29. hxg5 Rf8 30. gxf6 gxf6 31. Rg1 Qc6 32. Rg6 Nd7 33. e4 dxe4 34. Qxe4 Qb5 (34... Ne5 $16 {was worth a try.} 35. Rg3 Qc7) 35. Kb2 (35. Bxf6 $18 Nxf6 36. Rxd8+ Rxd8 37. Rxf6) 35... Rfe8 $1 $14 {[%cal Re8e4]} 36. Qd3 Qh5 $2 (36... Qxd3 $11 {and Black stays safe.} 37. Rxd3 Ne5 38. Bxe5 Rxd3 39. Rxf6 Rd2+ 40. Ka3 b6) 37. Rg2 (37. Bxf6 $18 Rc8 38. Bd4) 37... Ne5 38. Qc2 Qxf3 39. Rf2 Qc6 40. Bxe5 (40. Qf5 $14) 40... fxe5 41. Re2 Rxd1 42. Qxd1 $11 {[%mdl 4096] Endgame KQR-KQR} a6 43. c4 e4 44. Qd5 {White wants to play Qxc6.} Qf6+ 45. Ka3 e3 46. c5 Qc3 47. Qd7 $2 {[%mdl 8192]} (47. Qc4 $11 Qxc4 48. bxc4) 47... Qxc5+ 48. Kb2 Qe5+ 49. Ka3 Qa5+ (49... Rf8 $142 50. Qg4 Rd8 51. Rc2 Rd5 52. Qg2 Ka7 53. Qh2 Ra5+ 54. Kb4 Qd4+ 55. Rc4 Qb6+ 56. Kc3 Rd5 57. Qe2 Qf6+ 58. Kc2 Rd2+ 59. Qxd2 exd2 60. Kxd2 Qf2+ 61. Kd3 Qxa2 62. Kc3 b5 63. Rf4 Qa1+ 64. Kc2 Qg7 65. Re4 Qg6 66. Kd3 b4 67. Kd4 Qd6+ 68. Ke3 Qg3+ 69. Ke2 Qxb3 70. Re7+ Kb6 71. Re4 Qc2+ 72. Ke3 Qc3+ 73. Ke2 b3 74. Re6+ Kb5 75. Re8 b2 76. Rb8+ Ka4 77. Rb6 Qc2+ 78. Kf1 Qd1+ 79. Kg2 Qe2+ 80. Kh1 Qf1+ 81. Kh2 Qf2+ 82. Kh3 Qxb6 83. Kg4 b1=Q 84. Kg3 Q6g6+ 85. Kf2 Qbd3 86. Ke1 Qgg3#) 50. Kb2 $19 Rd8 51. Qg4 Rd2+ 52. Rxd2 Qxd2+ {KQ-KQ} 53. Ka3 Qd6+ (53... Ka7 $142 54. Qg7 Qc1+ 55. Ka4 Qc5 56. b4 Qc2+ 57. Ka3 Qc1+ 58. Kb3 Qd1+ 59. Kb2 e2 60. Qc7 Qd4+ 61. Kc2 e1=Q 62. Qc5+ Qxc5+ 63. bxc5 Qf2+ 64. Kd3 Qxa2 65. Ke3 a5 66. Kf4 Qf2+ 67. Ke4 Qxc5 68. Kf3 a4 69. Ke4 a3 70. Kf3 a2 71. Kg4 a1=Q 72. Kf3 Qh1+ 73. Kg3 Qe5+ 74. Kg4 Qhh5#) 54. Kb2 Qe5+ 55. Kc2 {[#]} e2 $1 {[%cal Re2e1]} (55... Qh2+ $2 56. Kb1 $19) 56. Qg8+ Ka7 57. Qg1+ b6 58. Qe1 {[#]} Qe3 $1 59. a4 a5 60. Kb2 Qd4+ $2 (60... Ka6 {mates} 61. Qh1 Qe5+ 62. Kc2 e1=N+ 63. Kb1 Qf5+ 64. Ka1 Qf6+ 65. Kb1 Nf3 66. Ka2 Qc3 67. Ka3 Qc5+ 68. Ka2 Qc2+ 69. Ka3 Qe2 70. Qh3 Qe7+ 71. Ka2 Ng5 72. Qh4 Ka7 73. Kb1 Qe5 74. Qh5 Qe4+ 75. Kb2 Qe7 76. Qh4 Qg7+ 77. Ka2 Ne6 78. Qf2 Nc5 79. Qc2 Na6 80. Qb2 Nb4+ 81. Ka3 Qe7 82. Qh2 Nd3+ 83. Ka2 Qg7 84. Qd2 Qg3 85. Qc3 Qh2+ 86. Kb1 Qg1+ 87. Ka2 Nb4+ 88. Kb2 Qg2+ 89. Kb1 Qf1+ 90. Kb2 Qg2+ 91. Kb1 Qe4+ 92. Ka1 Qh1+ 93. Kb2 Qg2+) 61. Kc2 Qe3 $2 (61... Qe5 $19 62. Kd3 Qe6) 62. Kb2 Qd3 63. Qc1 Qd4+ 64. Ka2 Qe5 65. Qe1 Qe3 66. Kb2 $1 Qd3 67. Qc1 $1 {intending Qc7+.} Qd4+ 68. Ka2 Qe5 69. Qe1 Qe4 {Black mates.} 70. Kb2 Kb7 71. Ka2 Qc2+ 72. Ka3 Qd1 73. Qc3 e1=Q 74. Qg7+ Kc6 75. Qg6+ Qd6+ {Precision: White = 43%, Black = 47%.} 0-1

[Event "5th Nebesna Sotnya Blitz 2018"]
[Site "Lutsk"]
[Date "2018.02.16"]
[Round "8"]
[White "Korol, Dimitry"]
[Black "Budnikov, Oleg"]
[Result "0-1"]
[WhiteElo "2291"]
[BlackElo "2422"]
[Annotator "TA"]
[PlyCount "50"]
[EventDate "2018.??.??"]
[EventType "swiss"]
[EventCountry "UKR"]
[SourceTitle "playchess.com"]
[Source "ChessBase"]
[SourceQuality "1"]

{[%evp 11,50,-33,-35,-41,-34,-64,-52,-170,-160,-165,-160,-165,-178,-175,-164,-290,-188,-254,-263,-255,-252,-531,-283,-280,-271,-1038,-1038,-995,-1016,-1005,-892,-877,-858,-839,-761,-712,-690,-966,-948,-2399,-2337]} 1. d4 g6 2. c4 Bg7 3. Nc3 d6 4. e4 e5 5. Be3 exd4 6. Bxd4 Nf6 $1 {[%cal Bg8f6,Bf6g4,Bg4e5][%mdl 32] LiveBook: 65 Partien} 7. Bd3 {A42: Moderne Verteidigung (mit c2-c4/ohne Sf6)} (7. f3 O-O 8. Nge2 a6 9. Qd2 Nc6 10. Be3 Ne5 11. Nf4 c6 12. b3 b5 13. cxb5 axb5 14. Rc1 Re8 15. Be2 d5 {0-1 (41) Hammer,J (2583)-Mamedov,R (2645) Lubbock 2009}) 7... Nc6 8. Be3 Ng4 9. Bd2 $146 {[#]} ({Besser ist} 9. Qd2 $15) ({Vorgänger:} 9. Bf4 Nce5 10. Nge2 O-O 11. O-O Nxd3 12. Qxd3 Ne5 13. Bxe5 dxe5 14. Qxd8 Rxd8 {½-½ (47) Ramesa,M (2197)-Rukavina,J (2422) Rijeka 2004}) 9... Bd4 $1 $19 10. Nh3 {[#]} Nge5 $1 {[%cal Re5d3]} 11. Be2 Bxh3 $1 12. gxh3 Qh4 $40 {[%csl Gd4][%cal Rh4f2][%mdl 128] Schwarz will per K.O. gewinnen.} 13. Rf1 (13. O-O {einziger Zug.}) 13... Qxh3 14. Qb3 (14. Nd5 $142 O-O-O 15. Bc3 Bxc3+ 16. Nxc3) 14... Nf3+ ({Weniger gut wäre} 14... Qxh2 15. f4 $19) 15. Bxf3 Qxf3 16. Qxb7 $2 (16. Qd1 {ist eine bessere Verteidigung.} Qh3 17. Qe2) 16... Kd7 17. Nd5 Bb6 {Und weiter mit ...Sd4 wäre nett.} 18. Be3 $2 (18. Bc3 Na5 19. Nf6+ Qxf6 20. Bxf6 Nxb7 21. Bxh8 Rxh8 22. f3) 18... Rhb8 {Schwarz steht klar auf Gewinn.} 19. Qa6 Ba5+ 20. b4 Bxb4+ 21. Nxb4 Rxb4 22. c5 Rab8 23. cxd6 cxd6 24. Rc1 Ne5 25. Qxa7+ R8b7 {Precision: Weiß = 27%, Schwarz = 73%.} 0-1

[Event "5th Nebesna Sotnya Blitz 2018"]
[Site "Lutsk"]
[Date "2018.02.16"]
[Round "9"]
[White "Bogdanovich, Stanislav"]
[Black "Razin, Vadim"]
[Result "1-0"]
[WhiteElo "2560"]
[BlackElo "2379"]
[Annotator "TA"]
[PlyCount "71"]
[EventDate "2018.??.??"]
[EventType "swiss"]
[EventCountry "UKR"]
[SourceTitle "playchess.com"]
[Source "ChessBase"]
[SourceQuality "1"]

{[%evp 10,71,12,13,14,9,22,35,30,18,77,56,128,16,26,15,21,-7,0,-6,-2,-8,163,149,150,155,158,147,151,0,0,0,50,63,247,250,234,242,242,252,244,235,257,242,253,254,243,242,247,204,322,206,304,254,300,248,251,262,263,245,300,307,943,896]} 1. d4 e6 2. c4 d5 3. Nc3 dxc4 4. e4 a6 5. a4 c5 6. d5 {LiveBook: 4 Games. D20: Queen's Gambit Accepted: 3 e3 and 3 e4} exd5 (6... Nf6 7. Bxc4 exd5 8. Nxd5 Nxd5 9. Bxd5 Be6 10. Nf3 Bxd5 11. exd5 Bd6 12. Bg5 Qa5+ {½-½ (49) Zhou,J (2578)-Lu,S (2570) China 2015}) 7. Nxd5 Nc6 8. Bxc4 {The position is equal.} Bd6 9. Nf3 Bg4 (9... Nge7 $11 {keeps the balance.}) 10. h3 Bh5 $146 (10... Bxf3 $14 11. Qxf3 Ne5) ({Find the theoretical novelty and annotate with similar games:} 10... Bxf3 11. Qxf3 Ne5 12. Qe2 {1-0 (39) Leal,P (2132)-Awoki,D (1908) Sao Bernardo do Campo 2013}) 11. Be3 (11. g4 $1 $16 {[%cal Rg4h5]} Bg6 12. O-O) 11... Nge7 12. O-O $36 {[%mdl 2048] White is more active.} O-O 13. Ra3 Ne5 14. Be2 $1 Bxf3 15. gxf3 {[%cal Bg2f3,Bf3f4][%mdl 32]} N7c6 $2 (15... c4 $11 {and Black is okay.} 16. Rc3 b5) 16. f4 $18 Ng6 17. e5 Be7 18. Rd3 Nd4 {[#]} 19. Bxd4 $2 ({White must play} 19. Bf3 $1 $16) 19... Qxd5 $11 20. Be3 Qe6 (20... Qe4 {NOTEXT} 21. Bf3 Qf5 22. Bg4 Qe4 23. f3 Qb4) 21. Bg4 {[%cal Be2g4,Bg4f3,Bf3b7][%mdl 32]} f5 $2 {[#]} (21... Qc6 $14) 22. Bf3 $1 $18 {[%cal Rf3d5]} Kh8 23. Bxb7 Rab8 24. Bd5 Qb6 25. b3 Qb4 26. Qd2 Qb6 27. Rd1 Nh4 28. Kh2 Qh6 29. Bh1 Qh5 (29... Ng6 $142 30. Rc1 Rfc8) 30. Rd7 Rfe8 (30... Ng6 $142 31. Bd5 Rbd8) 31. Re1 Rxb3 32. Qe2 Qxe2 33. Rxe2 Bf8 34. Rc2 Rb4 35. Ra7 Rxa4 $2 (35... Ng6 36. Kg3 (36. Rxa6 Nxf4 37. Bc6 Rc8 $16) (36. Bxc5 Bxc5 37. Rxc5 Rxf4 $16) 36... Be7) 36. Bc6 {Precision: White = 56%, Black = 34%.} 1-0